[Event "Satu Mare Szabo Memorial"]
[Site "Satu Mare"]
[Date "2019.08.03"]
[Round "2"]
[White "Borsos, Bogdan"]
[Black "Negrean, Dorel"]
[Result "1-0"]
[WhiteElo "2224"]
[BlackElo "1809"]
[PlyCount "71"]
[EventDate "2019.08.02"]
[EventType "swiss"]
[EventRounds "9"]
[EventCountry "ROU"]
[SourceTitle "CBM 191 Extra"]
[Source "ChessBase"]
[SourceDate "2019.09.30"]
[SourceVersion "1"]
[SourceVersionDate "2019.09.30"]
[SourceQuality "1"]

1. Nf3 g6 2. d4 Bg7 3. g3 d6 4. Bg2 Nf6 5. 0-0 0-0 6. c4 c6 7. Nc3 Nbd7 8. h3 h6 9. e4 e5 10. Be3 Kh7 11. Qc2 a6 12. Rad1 Qc7 13. c5 dxc5 14. dxe5 Nxe5 15. Nxe5 Qxe5 16. f4 Qe7 17. Na4 Nd7 18. Nxc5 Rd8 19. e5 Nf8 20. Qb3 Rxd1 21. Rxd1 Ne6 22. Ne4 Rb8 23. Ba7 Ra8 24. Bb6 Bf8 25. a3 a5 26. Nd6 a4 27. Qd3 Nc7 28. Nxc8 Rxc8 29. Qd7 Qxd7 30. Rxd7 Na8 31. Be3 b5 32. Rxf7+ Kg8 33. Rf6 c5 34. Rxg6+ Kh7 35. Be4 Kh8 36. Ra6 1-0

[Event "Satu Mare op 2nd"]
[Site "Satu Mare"]
[Date "2011.07.20"]
[Round "8"]
[White "Negrean, Dorel"]
[Black "Todoscius, Ioan"]
[Result "0-1"]
[WhiteElo "1861"]
[BlackElo "1958"]
[PlyCount "78"]
[EventDate "2011.07.15"]
[EventType "swiss"]
[EventRounds "9"]
[EventCountry "ROU"]
[SourceTitle "CBM 143 Extra"]
[Source "ChessBase"]
[SourceDate "2011.08.29"]
[SourceVersion "1"]
[SourceVersionDate "2011.08.29"]
[SourceQuality "1"]

1. d4 d5 2. e3 Nf6 3. Bd3 g6 4. Nd2 Bg7 5. c3 a6 6. a4 Nc6 7. f4 b6 8. Ngf3 Ng4 9. e4 dxe4 10. Bxe4 Bb7 11. Ng5 Nf6 12. Bf3 Nd5 13. Nc4 e6 14. 0-0 0-0 15. Qe1 h6 16. Nxe6 fxe6 17. Qxe6+ Kh7 18. Qxd5 Qf6 19. Qd7 Rf7 20. Qh3 Re8 21. Ne5 Bc8 22. g4 Nxe5 23. fxe5 Qe6 24. Qg2 Ref8 25. Be3 Qb3 26. h4 Rxf3 27. Rxf3 Bb7 28. Raf1 Qxa4 29. h5 g5 30. b4 Bd5 31. Kh2 Qc6 32. Kg3 Rxf3+ 33. Rxf3 Qxc3 34. Qa2 Qc4 35. Rf2 Be4 36. Qb2 Qd3 37. Re2 Qd1 38. Qd2 Qh1 39. Re1 Qh4# 0-1

[Event "Satu Mare op 2nd"]
[Site "Satu Mare"]
[Date "2011.07.19"]
[Round "7"]
[White "Doros, Doru Lucian"]
[Black "Negrean, Dorel"]
[Result "1/2-1/2"]
[WhiteElo "1776"]
[BlackElo "1861"]
[PlyCount "51"]
[EventDate "2011.07.15"]
[EventType "swiss"]
[EventRounds "9"]
[EventCountry "ROU"]
[SourceTitle "CBM 143 Extra"]
[Source "ChessBase"]
[SourceDate "2011.08.29"]
[SourceVersion "1"]
[SourceVersionDate "2011.08.29"]
[SourceQuality "1"]

1. d4 d5 2. Bf4 Nf6 3. e3 h6 4. Bd3 Bg4 5. Nf3 Nh5 6. Bg3 Nxg3 7. hxg3 Nd7 8. c4 c6 9. Nc3 e5 10. cxd5 cxd5 11. Nxd5 Qa5+ 12. Nc3 Bb4 13. Qb3 exd4 14. exd4 0-0 15. 0-0 Nb6 16. a3 Be7 17. Ne5 Be6 18. Qc2 Nd5 19. Nxd5 Qxd5 20. Rad1 Rac8 21. Qe2 Bf6 22. Qe4 g6 23. Rc1 Rxc1 24. Rxc1 Rd8 25. Qxd5 Rxd5 26. Nf3 1/2-1/2